Information Theory and Coding (Record no. 27735)

MARC details
000 -LEADER
fixed length control field 00397nam a2200145Ia 4500
008 - FIXED-LENGTH DATA ELEMENTS--GENERAL INFORMATION
fixed length control field 240925s9999 xx 000 0 und d
020 ## - INTERNATIONAL STANDARD BOOK NUMBER
ISBN 9788126553051
100 ## - MAIN ENTRY--AUTHOR NAME
Personal name Kulkarni, Murlidhar
245 #0 - TITLE STATEMENT
Title Information Theory and Coding
260 ## - PUBLICATION, DISTRIBUTION, ETC. (IMPRINT)
Place of publication New Delhi
Name of publisher Wiley India
Year of publication 2017
300 ## - PHYSICAL DESCRIPTION
Number of Pages 356
700 ## - ADDED ENTRY--PERSONAL NAME
Personal name Shivaprakasha, KS
942 ## - ADDED ENTRY ELEMENTS (KOHA)
Koha item type Books
650 ## -
-- Electronics and Communication Engineering
Holdings
Withdrawn status Lost status Damaged status Not for loan Collection code Home library Current library Department Date acquired Total Checkouts Full call number Accession Number Koha item type
        General Text Book Central University Of Rajasthan Central University Of Rajasthan   25/09/2024   003.54 K95I 41500 Books
        General Text Book Central University Of Rajasthan Central University Of Rajasthan   25/09/2024   003.54 K95I 41501 Books
        General Text Book Central University Of Rajasthan Central University Of Rajasthan   25/09/2024   003.54 K95I 41502 Books
        General Text Book Central University Of Rajasthan Central University Of Rajasthan   25/09/2024   003.54 K95I 41503 Books
      Not For Loan Reserve Text Book Central University Of Rajasthan Central University Of Rajasthan   25/09/2024   003.54 K95I 41504 Books
        General Text Book Central University Of Rajasthan Central University Of Rajasthan   25/09/2024   003.54 K95I 41505 Books
        General Text Book Central University Of Rajasthan Central University Of Rajasthan   25/09/2024   003.54 K95I 41506 Books
        General Text Book Central University Of Rajasthan Central University Of Rajasthan   25/09/2024   003.54 K95I 41507 Books
        General Text Book Central University Of Rajasthan Central University Of Rajasthan   25/09/2024   003.54 K95I 41508 Books
      Not For Loan Reserve Text Book Central University Of Rajasthan Central University Of Rajasthan   25/09/2024   003.54 K95I 41509 Books
        General Text Book Central University Of Rajasthan Central University Of Rajasthan   25/09/2024   003.54 K95I 41510 Books
        General Text Book Central University Of Rajasthan Central University Of Rajasthan   25/09/2024   003.54 K95I 41511 Books
        General Text Book Central University Of Rajasthan Central University Of Rajasthan   25/09/2024   003.54 K95I 41512 Books
        General Text Book Central University Of Rajasthan Central University Of Rajasthan   25/09/2024   003.54 K95I 41513 Books
      Not For Loan Reserve Text Book Central University Of Rajasthan Central University Of Rajasthan   25/09/2024   003.54 K95I 41514 Books